Guia da família portuguesa (Registo nº 4257)

Detalhes MARC
000 -Etiqueta do registo
Cabeçalho 00955cam a2200313 4500
005 - Identificador da versão
Campo de controlo 20240813122056.0
095 ## -
-- PTBN00395392
010 ## - Número internacional normalizado dos livros (ISBN)
Número (ISBN) 9727180272
021 ## - Número do Depósito Legal
Código do país PT
Número 56272/92
100 ## - Dados gerais de processamento
Dados gerais de processamento 19921105d1992 m a0pory5003 ba
102 ## - Pais de publicação ou produção
País de publicação Portugal
101 0# - Língua de publicação
Língua do texto, banda sonora, etc. Português
Língua do sumário Francês
-- Inglês
106 ## - Campo de dados codificados: material textual
Dados codificados do material textual r
105 ## - Campo de dados codificados: livros
Dados codificados dos livros y z 001yy
215 ## - Descrição física 
Indicação específica da natureza do documento e extensão da espécie 76, [3] p.
Dimensões 24 cm
200 1# - Titulo e menção de responsabilidade
Título próprio Guia da família portuguesa
Primeira menção de responsabilidade Emília Maria Santos Pereira, Maria Adriana Lages da Silva, Maria de Fátima Costa Brandão
225 1# - Colecção 
Título próprio da colecção Estudos/documentos
Número de uma parte ou secção Série II
Indicação de volume 10
205 ## - Menção da edição
Menção da edição 1ª ed
210 ## - Publicação, Distribuição, etc. 
Lugar da edição, distribuição, etc. Lisboa
Nome do editor, distribuidor, etc. Direcção Geral da Família
Data da publicação, distribuição, etc. 1992
606 ## - Nome comum usado como assunto
Número de registo de entrada de autoridade 0000954
Código do sistema SIPOR
675 ## - Classificação Decimal Universal (CDU)
Notação 341.7(469)
Edição BN
Língua da edição por
701 #1 - Nome de autor-pessoa física (co-responsabilidade principal)
Palavra de ordem Silva
Outra parte do nome não tomada para palavra de ordem Maria Adriana Lages da
Código de função Autor / Co-autor
Palavra de ordem Brandão
Outra parte do nome não tomada para palavra de ordem Maria de Fátima Costa
Código de função Autor / Co-autor
700 #1 - Nome de autor-pessoa física (responsabilidade principal)
Número de registo de entrada de autoridade 0000956
Palavra de ordem Pereira
Outra parte do nome não tomada para palavra de ordem Emília Maria Santos
942 ## - Elementos de entrada adicionados (Koha)
Tipo de item no Koha Livro
Exemplares
Situação do levantamento Origin of item (home branch) (coded) Biblioteca de empréstimo Código de barras Cota Circulation type (not for loan) Tipo de documento Nota do exemplar Damaged status
  Biblioteca Escolar das Vendas Biblioteca Escolar das Vendas BEV1156 3 GUI   Livro Sem mensagem